Giáo trình: Truyền nhiệt và thiết bị trao đổi nhiệt,

में बचाया:
ग्रंथसूची विवरण
मुख्य लेखक: Lê Quang Huy
स्वरूप: पुस्तक
भाषा:Vietnamese
प्रकाशित: TP.HCM Trường CĐ KT Cao Thắng,
संस्करण:lần thứ I
विषय:
टैग : टैग जोड़ें
कोई टैग नहीं, इस रिकॉर्ड को टैग करने वाले पहले व्यक्ति बनें!
Thư viện lưu trữ: Thư viện Trường CĐ Kỹ Thuật Cao Thắng
LEADER 00849nam a2200253 a 4500
001 TVCDKTCT15230
003 CT=005 20150116074505.1
005 20150119154003.7
008 150115syyyy vn
980 \ \ |a Thư viện Trường CĐ Kỹ Thuật Cao Thắng 
024 |a RG_1 #1 eb0 i1 
020 # # |c 10.000 Đồng 
041 0 # |a vie 
082 # # |a 536.2012   |b GI-108T 
100 |a Lê Quang Huy 
245 # # |a Giáo trình: Truyền nhiệt và thiết bị trao đổi nhiệt,  
250 # # |a lần thứ I 
260 # # |a TP.HCM   |b Trường CĐ KT Cao Thắng,  
300 # # |a 64 tr   |c 24 cm 
541 # # |a Tặng 
650 # 4 |a Giáo trình 
650 # 4 |a Truyền nhiệt và trao đổi nhiệt 
653 # # |a Kỹ thuật truyền nhiệt 
841 # # |b Kho Sách   |j 100044139, 100044144